Statistics for Countries That Became Countries During the Lifetime of Donald Trump

Click here to take the quiz!

General Stats

  • This quiz has been taken 66 times
  • The average score is 47 of 87

Answer Stats

Continent Country % Correct
AfricaSouth Sudan
82%
AsiaEast Timor
68%
AfricaZimbabwe
67%
AfricaNamibia
67%
AfricaAngola
65%
AfricaTogo
65%
AfricaKenya
63%
AfricaRepublic of the Congo
63%
AsiaSingapore
63%
AfricaBenin
63%
AfricaZambia
61%
OceaniaTuvalu
61%
AfricaSeychelles
61%
AfricaGambia
61%
AfricaNiger
61%
AfricaGhana
60%
AfricaChad
60%
AfricaTanzania
60%
AfricaBotswana
60%
AfricaGuinea
60%
AfricaCote d'Ivoire
60%
OceaniaPalau
60%
OceaniaKiribati
60%
AfricaNigeria
60%
AfricaCentral African Republic
60%
OceaniaMarshall Islands
58%
North AmericaBarbados
58%
North AmericaBahamas
58%
AfricaAlgeria
58%
North AmericaDominica
58%
North AmericaSaint Kitts and Nevis
58%
AfricaRwanda
58%
AfricaMauritania
58%
North AmericaSaint Lucia
56%
South AmericaSuriname
56%
OceaniaNauru
56%
AfricaBurundi
56%
North AmericaJamaica
56%
North AmericaTrinidad and Tobago
56%
AfricaUganda
54%
AfricaCameroon
54%
AfricaSao Tome and Principe
54%
AfricaCape Verde
54%
AfricaComoros
54%
AfricaSenegal
54%
AfricaMozambique
54%
AfricaLibya
54%
AfricaMauritius
54%
OceaniaFiji
54%
AfricaTunisia
54%
AsiaSouth Korea
54%
AfricaDjibouti
53%
OceaniaSamoa
53%
South AmericaGuyana
53%
AfricaGuinea-Bissau
53%
North AmericaSaint Vincent and the Grenadines
53%
AfricaBurkina Faso
53%
OceaniaVanuatu
53%
AfricaEquatorial Guinea
53%
AsiaBangladesh
53%
North AmericaAntigua and Barbuda
53%
AsiaBrunei
53%
AsiaKyrgyzstan
51%
AsiaTurkmenistan
51%
AsiaKazakhstan
51%
North AmericaGrenada
51%
AfricaMalawi
51%
AsiaPakistan
51%
OceaniaMicronesia
51%
OceaniaSolomon Islands
51%
AfricaSwaziland
49%
AfricaGabon
49%
AsiaTajikistan
47%
AsiaUnited Arab Emirates
47%
AsiaPapua New Guinea
47%
AsiaBahrain
47%
AsiaQatar
46%
AfricaSierra Leone
44%
AsiaMalaysia
44%
EuropeSlovenia
44%
North AmericaBelize
44%
EuropeMoldova
40%
AsiaKuwait
40%
EuropeMalta
40%
EuropeBelarus
37%
EuropeMacedonia
35%
AsiaCyprus
30%

Score Distribution

Percentile by Number Answered

Percent of People with Each Score

Your Score History

You have not taken this quiz